| 000 | 00510nam a2200133Ia 4500 | ||
|---|---|---|---|
| 008 | 170516s9999 xx 000 0 und d | ||
| 245 | _aBalloon-occluded retrograde transvenous obliteration of gastric varix with multiple drainage veins performed with temporal occlusion of the pericardiacophrenic vein with a micro-balloon | ||
| 260 | _bActa Radiologica Open | ||
| 260 | _c2015 | ||
| 300 | _a4:8 | ||
| 650 | _xRadiologic Technology | ||
| 650 | _xRadtech | ||
| 856 | _uhttp://journals.sagepub.com/toc/arrb/4/8 | ||
| 999 |
_c332188 _d332188 |
||